Devinez le pays en fonction de sa capitale - Statistiques

Statistiques générales
  • Ce quiz a été pris 314 fois
  • Le résultat moyen est 12 sur 15
Statistiques - réponses
Hint Réponse % Correct
Paris France
100%
Washington Etats-Unis
98%
Séoul Corée du sud
93%
Oslo Norvège
91%
Rabat Maroc
90%
Bern Suisse
90%
Bangkok Thaïlande
88%
Sofia Bulgarie
83%
Bogota Colombie
78%
Bagdad Irak
77%
Sarajevo Bosnie-Herzégovine
67%
Antananarivo Madagascar
55%
Tripoli Libye
54%
Manille Phillipines
48%
Amman Jordanie
44%
Aucun quiz correspondant
Distribution des résultats
% des personnes avec chaque résultat
Percentile par nombre de réponses
Votre historique - résultats
Vous n’avez pas pris ce quiz